000 00570nam a22001817a 4500
005 20251108173319.0
008 250721s2005 xx 000 0 ara d
082 1 4 _a910.02/مظف
100 1 _aالمظفر، محسن عبد الصاحب
245 1 0 _aفلسفة علم المكان : الجغرافيا /
264 1 _aعمان :
_bدار صفاء للنشر و التوزيع،
_c2005.
300 _a416ص
650 1 7 _aالجغرافيا الطبيعية
650 1 7 _aالفلسفة
653 _aعلم المكان
942 _2ddc
_cBK
999 _c101008
_d101008